Statistiken für Die Bürgschaft - Teil 1/2 - Ballade Friedrich Schiller

Klicken Sie hier um das Quiz zu spielen!

Allgemein

  • Dieses Quiz wurde 31 mal gespielt
  • Das Durchschnittsergebnis liegt bei 219 aus 481

Antwortstatistiken

Antwort% Korrekt
dem
94%
die
94%
im
94%
in
94%
mit
94%
schlich
94%
Tyrannen,
94%
Zu
94%
Bande.
88%
Damon,
88%
dem
88%
den
88%
Dionys,
88%
Dolch
88%
Dolche,
88%
du
88%
Gewande;
88%
Häscher
88%
Ihn
88%
schlugen
88%
sprich!"
88%
"Was
88%
wolltest
88%
am
82%
"Das
82%
"Die
82%
befreien!"
76%
bereuen."
76%
der
76%
du
76%
sollst
76%
Stadt
76%
Tyrannen
76%
vom
76%
Wüterich.
76%
bin",
71%
finster
71%
ihm
71%
Kreuze
71%
die
65%
du
65%
Entgegnet
65%
geben,
65%
"Ich
65%
Ich
65%
Und
65%
"zu
65%
bereit
59%
Bis
59%
bitte
59%
Da
59%
dem
59%
den
59%
Doch
59%
du,
59%
Gatten
59%
gefreit,
59%
Gnade
59%
Ich
59%
ich,
59%
ich
59%
Ihn
59%
Leben,
59%
mein
59%
mir
59%
nicht
59%
Schwester
59%
sterben
59%
um
59%
willst
59%
als
53%
Bürgen,
53%
Da
53%
Da
53%
das
53%
das
53%
der
53%
der
53%
der
53%
der
53%
"Der
53%
dich
53%
die
53%
die
53%
die
53%
die
53%
die
53%
die
53%
die
53%
die
53%
die
53%
die
53%
die
53%
dir
53%
drei
53%
entrinn
53%
erwürgen."
53%
Freund
53%
jener,
53%
lasse
53%
magst
53%
mit
53%
mit
53%
mit
53%
mit
53%
mit
53%
spricht
53%
Tage
53%
um
53%
Zeit,
53%
am
47%
Bande."
47%
Bis
47%
Bis
47%
da
47%
Da
47%
Da
47%
Da
47%
Da
47%
das
47%
Das
47%
das
47%
Dass
47%
dem
47%
dem
47%
dem
47%
dem
47%
dem
47%
den
47%
der
47%
Der
47%
der
47%
die
47%
die
47%
die
47%
die
47%
Die
47%
die
47%
die
47%
Die
47%
die
47%
die
47%
die
47%
die
47%
du
47%
du
47%
er
47%
er
47%
er
47%
er
47%
er
47%
er
47%
flehe
47%
Gatten
47%
Gatten
47%
gefreit,
47%
ich
47%
ich
47%
ich
47%
ich
47%
ihn
47%
im
47%
in
47%
ist
47%
Mit
47%
mit
47%
mit
47%
Schwester
47%
Schwester
47%
sie
47%
So
47%
So
47%
Tyrannen,
47%
Und
47%
Und
47%
Und
47%
Und
47%
Und
47%
Und
47%
Und
47%
Und
47%
Und
47%
zu
47%
zum
47%
zum
47%
an
41%
an
41%
an
41%
andere
41%
ans
41%
arger
41%
aus
41%
Bäche,
41%
Bedenken:
41%
Bezahle
41%
bist,
41%
bleib
41%
Brücke
41%
Damit
41%
dannen.
41%
deiner
41%
dem
41%
dem
41%
dem
41%
Den
41%
Den
41%
Des
41%
dir
41%
dir
41%
Doch
41%
Doch
41%
Doch
41%
"Drei
41%
drei
41%
dritte
41%
Eh'
41%
ehe
41%
Eilt
41%
ein
41%
er
41%
er
41%
er
41%
er,
41%
er
41%
er
41%
erblassen,
41%
erlassen."
41%
Es
41%
euch!"
41%
Freund
41%
Freunde:
41%
frevelnde
41%
Frist
41%
Frist,
41%
geben!"
41%
gebeut,
41%
gegeben
41%
Gewölbes
41%
Hat
41%
heim
41%
herab,
41%
hinab,
41%
ich
41%
ich
41%
"Ich
41%
ihm
41%
ihn
41%
ihn
41%
ihr?",
41%
komme,
41%
kommt
41%
kommt
41%
König
41%
König
41%
König
41%
Kreuz
41%
kurzem
41%
lächelt
41%
Leben
41%
liefert
41%
List
41%
lösen
41%
mir
41%
mir
41%
Morgenrot
41%
muss
41%
nach
41%
nicht
41%
"O
41%
Pfande,
41%
Regen
41%
reißet
41%
scheint,
41%
schenken.
41%
schnell
41%
schweigend
41%
schwellen,
41%
Seele,
41%
sich
41%
sie
41%
So
41%
sorgender
41%
spricht
41%
Stab,
41%
Stadt
41%
statt
41%
Strafe
41%
Streben,
41%
Strudel
41%
Tage
41%
Tage
41%
treue
41%
Ufer
41%
umarmt
41%
und
41%
Und
41%
Und
41%
Und
41%
Und
41%
Und
41%
Und
41%
und
41%
und
41%
Und
41%
Und
41%
und
41%
Und
41%
Und
41%
und
41%
und
41%
und
41%
Und
41%
Und
41%
unendlicher
41%
vereint,
41%
verfehle.
41%
verstrichen,
41%
vom
41%
Von
41%
von
41%
wanderndem
41%
"Was
41%
Wenn
41%
will
41%
will
41%
wisse!
41%
Wogen
41%
wollt
41%
Wut,
41%
Zeit,
41%
ziehet
41%
zum
41%
zum
41%
zurück
41%
als
35%
andern
35%
Angst,
35%
ans
35%
Armen
35%
auch
35%
aus
35%
Bergen
35%
bleich,
35%
blicket
35%
Bogen.
35%
danket
35%
des
35%
des
35%
des
35%
des
35%
des
35%
Doch
35%
drei
35%
Eile
35%
eilet
35%
entreißt
35%
entweichen.
35%
Erbarmen.
35%
erbarmet
35%
erbleichen."
35%
erhoben:
35%
Erlegt
35%
erreichen,
35%
Fähre,
35%
fasst
35%
fleht,
35%
Flut
35%
Freund
35%
Freundes
35%
gewaltigen
35%
gewaltigen
35%
gewünschte
35%
gießt
35%
gleich:
35%
gönnen
35%
Gott
35%
Gotte,
35%
habe
35%
Hände
35%
hat
35%
hemme
35%
irrt
35%
kann
35%
Kein
35%
kein
35%
Keule.
35%
Keule
35%
Könige
35%
krachenden
35%
Land,
35%
Leben,
35%
lenket
35%
Meere.
35%
mein
35%
mir
35%
Mittag
35%
Mord
35%
muss
35%
muss
35%
Mut
35%
Nachen
35%
nächsten
35%
nicht
35%
nichts
35%
niedergeht
35%
Quellen,
35%
Rand,
35%
raubende
35%
rettenden
35%
Rotte
35%
rufende,
35%
ruft
35%
schicket,
35%
Schiffer
35%
schnaubet
35%
Schrecken
35%
setze
35%
sich
35%
sich
35%
sich
35%
sichern
35%
Sonne,
35%
spähet
35%
steht
35%
Stimme,
35%
stößet
35%
Strand,
35%
Streichen
35%
Strom,
35%
Strom
35%
Ströme
35%
Stromes
35%
Stromes
35%
Stunde
35%
Stunde
35%
stürzen
35%
stürzet
35%
teilt
35%
Toben!
35%
Ufer
35%
Ufer
35%
Ufers
35%
"Um
35%
Waldes
35%
Wanderers
35%
weint
35%
weit
35%
wenn
35%
Wie
35%
wilde
35%
willen
35%
wird
35%
zerrinnet,
35%
Zeus
35%
auf
29%
donnernd
29%
drohend
29%
eilen
29%
fort
29%
für
29%
geschwungener
29%
hemmet
29%
Hervor
29%
sinkt
29%
sprengen
29%
Stunden,
29%
Welle
29%
Welle
29%
wirft
29%
brausende
24%
entrinnet.
24%
erneut
24%
gewinnt
24%
hinein
24%
nächtlichem
24%
Ort,
24%
Pfad
24%
sperrend,
24%
trostlos
24%
wachsend
24%
treibt
12%

Verteilung der Resultate

Perzentil nach korrekt beantworteten Fragen

Anzahl Personen mit jedem Resultat

Ihre Resultats-Entwicklung

Sie haben dieses Quiz noch nicht gespielt